A textbook of engineering thermodynamics (SI Units) / (Record no. 132)
[ view plain ]
| 000 -LEADER | |
|---|---|
| fixed length control field | 00480 a2200169 4500 |
| 008 - FIXED-LENGTH DATA ELEMENTS--GENERAL INFORMATION | |
| fixed length control field | 220928b ||||| |||| 00| 0 eng d |
| 020 ## - INTERNATIONAL STANDARD BOOK NUMBER | |
| International Standard Book Number | 9788131800584 |
| 041 0# - LANGUAGE CODE | |
| Language code of text/sound track or separate title | eng |
| 082 00 - DEWEY DECIMAL CLASSIFICATION NUMBER | |
| Classification number | 621.4021 |
| Item number | R1619 |
| 100 ## - MAIN ENTRY--PERSONAL NAME | |
| Personal name | Rajput, R. K. |
| 245 ## - TITLE STATEMENT | |
| Title | A textbook of engineering thermodynamics (SI Units) / |
| 250 ## - EDITION STATEMENT | |
| Edition statement | 5th ed. |
| 260 ## - PUBLICATION, DISTRIBUTION, ETC. (IMPRINT) | |
| Place of publication, distribution, etc | New Delhi: |
| Name of publisher, distributor, etc | Laxmi Publications Pvt., |
| Date of publication, distribution, etc | 2016. |
| 300 ## - PHYSICAL DESCRIPTION | |
| Extent | xxii, 922 + xx p. |
| 650 #0 - SUBJECT ADDED ENTRY--TOPICAL TERM | |
| Topical term or geographic name as entry element | Heat Engineering |
| 942 ## - ADDED ENTRY ELEMENTS (KOHA) | |
| Source of classification or shelving scheme | |
| Item type | Books |
| Withdrawn status | Lost status | Source of classification or shelving scheme | Damaged status | Not for loan | Permanent location | Current location | Date acquired | Source of acquisition | Cost, normal purchase price | Full call number | Barcode | Date last seen | Cost, replacement price | Koha item type | Total Checkouts | Total Renewals | Date last borrowed |
|---|---|---|---|---|---|---|---|---|---|---|---|---|---|---|---|---|---|
| IMU Kolkata | IMU Kolkata | 2019-09-09 | Apex Book Services | 693.00 | 621.4021 R1619 | 12927 | 2019-09-09 | 825.00 | Books | ||||||||
| IMU Kolkata | IMU Kolkata | 2018-04-19 | Apex Book Services | 693.00 | 621.4021 R1619 | 12928 | 2023-12-18 | 825.00 | Books | 1 | 1 | 2023-11-24 | |||||
| IMU Kolkata | IMU Kolkata | 2018-04-19 | Apex Book Services | 693.00 | 621.4021 R1619 | 12929 | 2023-12-11 | 825.00 | Books | 1 | 2023-12-08 | ||||||
| IMU Kolkata | IMU Kolkata | 2018-04-19 | Apex Book Services | 693.00 | 621.4021 R1619 | 12930 | 2019-09-09 | 825.00 | Books | ||||||||
| IMU Kolkata | IMU Kolkata | 2018-04-19 | Apex Book Services | 693.00 | 621.4021 R1619 | 12931 | 2024-05-06 | 825.00 | Books | 4 | 1 | 2024-04-25 | |||||
| IMU Kolkata | IMU Kolkata | 2018-04-19 | Apex Book Services | 693.00 | 621.4021 R1619 | 12932 | 2023-12-20 | 825.00 | Books | 2 | 2023-12-08 | ||||||
| IMU Kolkata | IMU Kolkata | 2018-04-19 | Apex Book Services | 693.00 | 621.4021 R1619 | 12933 | 2019-09-09 | 825.00 | Books | ||||||||
| IMU Kolkata | IMU Kolkata | 2018-04-19 | Apex Book Services | 693.00 | 621.4021 R1619 | 12934 | 2024-06-18 | 825.00 | Books | 4 | 2 | 2024-06-04 | |||||
| IMU Kolkata | IMU Kolkata | 2018-04-19 | Apex Book Services | 693.00 | 621.4021 R1619 | 12935 | 2024-09-19 | 825.00 | Books | 5 | 2024-09-05 | ||||||
| IMU Kolkata | IMU Kolkata | 2018-04-19 | Apex Book Services | 693.00 | 621.4021 R1619 | 12936 | 2019-09-09 | 825.00 | Books |